Theory of functionals and of integral and integro-differencial equations

Saved in:
书目详细资料
主要作者: Volterra, Vito (Author)
格式: 图书
语言:英语
出版: Nueva York Dover 1959
丛编:Dover Books on Mathematics
主题:
标签: 添加标签
没有标签, 成为第一个标记此记录!

MARC

LEADER 00000cam a2200000 a 4500
001 UCP0619
003 CL-VaPUC
008 990313e19590000US |||||||||||||||||eng|d
082 0 4 |a 515.7  |b VOL  |2 21 
100 0 |a Volterra, Vito  |e author  |9 426024 
245 1 0 |a Theory of functionals and of integral and integro-differencial equations 
300 |a 226 p 
942 |c BK 
945 |d 19990313 00:00:00  |a crobeson 
260 |a Nueva York  |b Dover  |c 1959 
650 0 |a Funciones   |9 263869 
650 0 |a Funciones analíticas  |9 270036 
650 7 |a CALCULO FUNCIONAL  |2 CL-VaPUC  |9 425514 
650 0 |a Ecuaciones integrales   |9 270067 
650 7 |a ECUACIONES INTEGRO-DIFERENCIALES  |2 CL-VaPUC  |9 426025 
650 0 |a Análisis complejo   |9 260214 
650 0 |a Números complejos  |9 270335 
583 |a last modification  |c 20120822 01:36:01  |k Rodrigo Vera 
490 0 |a Dover Books on Mathematics 
999 |c 279382  |d 279380 
952 |0 0  |1 0  |4 0  |6 515_700000000000000_VOL_1959  |7 0  |8 A  |9 318508  |a BIBMAT  |b BIBMAT  |d 2019-11-20  |i 1324934  |o 515.7 VOL 1959  |p 1324934  |r 2025-01-07  |w 2019-11-20  |y BK  |k MAT 
952 |0 0  |1 0  |4 0  |6 515_700000000000000_VOL_1959  |7 0  |8 A  |9 318509  |a BIBMAT  |b BIBMAT  |d 2019-11-20  |i 4888642  |o 515.7 VOL 1959  |p 4888642  |r 2025-01-07  |w 2019-11-20  |y BK  |k MAT